000 01276nam a2200229Ia 4500
003 Ost
005 20260507075506.0
008 260507s9999||||xx |||||||||||||| ||und||
020 _a9789957499440
040 _cfsecg
041 _aara
082 _a332.4
100 _aعاطف، زاهر عبد الرحيم
_eمؤلف
245 0 _aإدارة العمليات النقدية والمالية بين النظرية والتطبيق /
_c زاهر عبد الرحيم عاطف
260 _aعمان:
_bدار الراية للنشر,
_c2008
300 _a302 صفحة؛
_bإيضاحات ؛
_c25 سم
504 _aببليوغرافيا:ص ص.301-302
520 _aماهية النقود،النظريات النقدية،النظام النقدي،السياسة النقدية،ميزان المدفوعات وعملياتها النقدية،التدفقات النقدية،السياسة النقدية،التشخيص المالي والاستراتيجي للمؤسسة،السياسة المالية،التحليل المالي،الرقابة المالية،السوق النقدي والمالي،مفاهيم المصطلحات المالية والنقدية
653 _aالإدارة المالية
653 _aالنقود
942 _cكتاب
999 _c44715
_d44715